000
00224 a2200097 4500
001
11079
100
_a
Dr Abdul Salam Khurshied
245
_a
Quaid Azam our Pakistan
260
_a
_b
Publisher United
_c
090
_c
8640
_d
8640
942
_a
NUST-CAE
_c
M
_c
35423
999
_c
246152
_d
246152